00305cam a2200097 a 4500020001500000100002200015245004800037260004600085300004500131650003100176 a81701738171 aParihar, Subhash,10aSome aspects of Indo-Islamic architecture / aNew Delhi :bAbhinav Publications,c1999. a191 p., [72] p. of plates :bill., map ; 0aArchitecture, Mogul Empire